A carícia do vento / (Record no. 183)

MARC details
000 -LÍDER
campo de controle de tamanho fixo 01623nam a2200325 4500
001 - NÚMERO DE CONTROLE
campo de controle 183
003 - IDENTIFICADOR DO NÚMERO DE CONTROLE
campo de controle OSt
005 - DATA E HORÁRIO DA ÚLTIMA TRANSAÇÃO
campo de controle 20250528074014.0
008 - CAMPO DE DADOS FIXOS--INFORMAÇÃO GERAL
campo de controle de tamanho fixo 250131b |||||||g |||| 00| 1 eng d
020 ## - ISBN - INTERNATIONAL STANDARD BOOK NUMBER
ISBN - International Standard Book Number 8501020699
040 ## - FONTE DA CATALOGAÇÃO
Idioma da catalogação por
041 ## - CÓDIGO DE IDIOMA
Código do idioma do original e/ou traduções intermediárias do texto eng
Código do idioma do texto/trilha sonora ou título diferente por
082 ## - CDD - CLASSIFICAÇÃO DECIMAL DE DEWEY
Número de Classificação 813
Número do exemplar D133c
100 1# - ENTRADA PRINCIPAL--NOME PESSOAL
Nome pessoal Dailey, Janet,
Datas associadas ao nome 1944-2013
9 (RLIN) 339
240 ## - TÍTULO UNIFORME
Título uniforme Touch the wind
245 ## - TÍTULO
Título A carícia do vento /
Indicação de responsabilidade, etc. Dailey, Janet ;Tradução de Isabel Paquet de Araripe
250 ## - EDIÇÃO
Declaração de edição 8° edição
260 ## - PUBLICAÇÃO, DISTRIBUIÇÃO, ETC.
Local de publicação, distribuição, etc. Rio de Janeiro
Nome do editor, distribuidor, etc. Record
Data da publicação, distribuição, etc. 1997
300 ## - DESCRIÇÃO FÍSICA
Extensão 298 p.
520 ## - NOTA DE RESUMO, ETC.
Resumo, etc. Livro que marcou a estreia de Janet Dailey na lista dos mais vendidos do The New York Times, A carícia do vento consagrou a autora como uma das maiores romancistas do gênero. A protagonista é a jovem milionária Sheila Rogers, bela, impulsiva e mimada que vivia em Austin, no Texas. Sheila contraria as expectativas de seus pais e foge para Juarez, no México, com Brad Townsend, um homem bonito e envolvente, mas que nada mais era senão um caça-dotes. A lua de mel do casal converte-se num verdadeiro inferno quando seu marido é brutalmente assassinado e ela é sequestrada e levada por um bando de pistoleiros para um esconderijo nas montanhas. É ali que Sheila conhece Ráfaga, homem corajoso e idealista, e logo o ódio se transforma numa paixão arrebatadora.
650 #0 - ASSUNTO--TERMO TÓPICO
Cabeçalho tópico ou nome geográfico Literatura Americana
9 (RLIN) 84
650 #0 - ASSUNTO--TERMO TÓPICO
Cabeçalho tópico ou nome geográfico Amor e Paixão
9 (RLIN) 25
650 #0 - ASSUNTO--TERMO TÓPICO
Cabeçalho tópico ou nome geográfico Ação
9 (RLIN) 64
650 #0 - ASSUNTO--TERMO TÓPICO
Cabeçalho tópico ou nome geográfico Faroeste
9 (RLIN) 340
650 #0 - ASSUNTO--TERMO TÓPICO
Cabeçalho tópico ou nome geográfico Filme
9 (RLIN) 26
655 #0 - TERMO DE ÍNDICE--GÊNERO E FORMA
Gênero/forma/ou termo foco Romance
655 #0 - TERMO DE ÍNDICE--GÊNERO E FORMA
Gênero/forma/ou termo foco Ficção
700 ## - ENTRADA ADICIONADA - NOME PESSOAL
Nome pessoal Isabel Paquet de Araripe
Função do autor por extenso Tradução
9 (RLIN) 341
942 ## - ELEMENTOS DE ENTRADA ADICIONADOS (KOHA)
Fonte de classificação ou esquema de arquivamento Classificação decimal de Dewey
Ocultar no OPAC Não
Tipo de material Koha Livros
Holdings
Situação do descarte Situação das perdas Fonte de classificação ou esquema de arquivamento Status danificado Não pode ser emprestado Coleção Biblioteca de origem Biblioteca atual Localização na estante Data de aquisição Fonte de aquisição Total de empréstimos Número de chamada completo Código de barras Data de último acesso Data do preço efetivo Tipo de material Koha
    Classificação decimal de Dewey     Ficção Biblioteca Professor Eduardo Afonso de Castro Biblioteca Professor Eduardo Afonso de Castro Literatura Estrangeira 15.05.2008 doação   813 / D133c 2025-13386 31.01.2025 31.01.2025 Livros

Powered by Koha